000
00295nam a22001337a 4500
008
170224b xxu||||| |||| 00| 0 eng d
020
_a
2801576260168
041
_a
eng
080
_a
617
100
_a
5
101
_a
SHK
245
_a
WHEN TO REFER TO A SURGEON
_c
GALANDIUK, S
942
_2
udc
_c
BK
999
_c
6231
_d
6231